[Event "TCh-CHN 2017"]
[Site "China CHN"]
[Date "2017.07.27"]
[Round "9.1"]
[Board "4"]
[White "Zhao, Xue"]
[Black "Zhang, Lanlin"]
[Result "1-0"]
[WhiteTitle "GM"]
[WhiteElo "2477"]
[BlackElo "2183"]
[WhiteTeam "Beijing"]
[BlackTeam "Shandong"]
[WhiteFideId "8601283"]
[BlackFideId "8608032"]
[EventDate "2017.04.18"]

1. Nf3 d5 2. d4 Nf6 3. Bf4 e6 4. e3 Be7 5. Nbd2 O-O 6. Bd3 b6 7. O-O Bb7 8. Ne5
Nbd7 9. Qf3 Ne8 10. Qh3 f5 11. g4 Nd6 12. Ndf3 Ne4 13. Nxd7 Qxd7 14. Ne5 Qc8 15.
f3 Nd6 16. Kh1 c5 17. gxf5 exf5 18. Rg1 Bf6 19. Ng4 c4 20. Bxd6 cxd3 21. Nxf6+
Rxf6 22. Rxg7+ Kxg7 23. Be5 dxc2 24. Rg1+ Kf8 25. Qxh7 Rf7 26. Bd6+ Ke8 27. Qg8+
Kd7 28. Qxf7+ Kc6 29. Ba3 Kb5 30. b3 a5 31. Rc1 Ka6 32. Qg6 Ka7 33. Qg2 Qc3 34.
Rxc2 Qxe3 35. Qf2 Qd3 36. h4 f4 37. Be7 Re8 38. Bg5 Re3 39. Rd2 Qf5 40. Kh2 Bc8
41. Qg2 Re1 42. Re2 Rc1 43. Rb2 Rc3 44. Re2 Rc1 45. Rb2 Rc3 46. Rd2 Rc1 47. Re2
Rd1 48. Re5 Qd3 49. Bxf4 Qxd4 50. Re7+ Ka8 51. Bg3 Qd3 52. Re2 Qf5 53. Re5 Qd3
54. Re2 Qf5 55. Re1 Rd2 56. Qxd2 Qh3+ 57. Kg1 Qxg3+ 58. Kh1 Qxh4+ 59. Kg2 Bh3+
60. Kg1 Qg3+ 61. Kh1 Bg2+ 62. Qxg2 Qxe1+ 63. Kh2 Qh4+ 64. Kg1 Qe1+ 65. Qf1 Qg3+
66. Kh1 Qh4+ 67. Kg2 Qg5+ 68. Kf2 Ka7 69. Ke2 d4 70. f4 Qc5 71. Qe1 Qc2+ 72. Qd2
Qe4+ 73. Kf2 Kb7 74. Kg3 Kc6 75. Qc1+ Kd5 76. Qc7 Qg6+ 77. Kf2 Qf6 78. Kf3 Qh8
79. Qc4+ Kd6 80. Ke4 Qh1+ 81. Kxd4 Qa1+ 82. Ke4 Qxa2 83. Qd5+ Kc7 84. Ke5 Qe2+
85. Kf6 b5 86. f5 Qe8 87. Qe6 Qf8+ 88. Kg6 a4 89. bxa4 bxa4 90. Qc4+ Kd8 91.
Qd4+ Kc7 92. Qxa4 Qg8+ 93. Kf6 Qf8+ 94. Kg5 Qg7+ 95. Kf4 Qh6+ 96. Ke5 Qe3+ 97.
Kd5 Qd3+ 98. Ke6 Qd6+ 99. Kf7 Qd5+ 100. Kf6 Qd8+ 101. Kg6 Qg8+ 102. Kh5 Qh7+
103. Kg5 Qg7+ 104. Kf4 Qh6+ 105. Ke5 Qg7+ 106. f6 Qg5+ 107. Ke6 Qg8+ 108. Ke7
Qd8+ 109. Kf7 Qd5+ 110. Kf8 Qc5+ 111. Kf7 Qd5+ 112. Kg6 Qg8+ 113. Kh6 Qf8+ 114.
Kg5 Qg8+ 115. Kf4 Qe6 116. Qa5+ Kd7 117. Qf5 Kd6 118. Kg5 Qf7 119. Qd3+ Kc6 120.
Qg6 Qd5+ 121. Kh6 Kd7 122. Qh7+ Kc8 123. f7 Qh1+ 124. Kg7 Qa1+ 125. Kg8 Qa2 126.
Qe4 Qb3 127. Kg7 Qg3+ 128. Kf6 Qc3+ 129. Qe5 1-0

[Event "TCh-CHN 2017"]
[Site "China CHN"]
[Date "2017.07.27"]
[Round "9.1"]
[Board "5"]
[White "Wang, Jue"]
[Black "Ning, Kaiyu"]
[Result "1-0"]
[WhiteTitle "WGM"]
[WhiteElo "2359"]
[BlackElo "2169"]
[WhiteTeam "Beijing"]
[BlackTeam "Shandong"]
[WhiteFideId "8604070"]
[BlackFideId "8614750"]
[EventDate "2017.04.18"]

1. e4 e6 2. d4 d5 3. Nc3 dxe4 4. Nxe4 Bd7 5. Nf3 Bc6 6. Bd3 Nd7 7. O-O Ngf6 8.
Ng3 Be7 9. c3 O-O 10. Re1 b6 11. Bg5 Bb7 12. Qe2 h6 13. Bf4 Nd5 14. Bd2 c5 15.
dxc5 Nxc5 16. Bc2 Qc7 17. Ne5 Bd6 18. c4 Nf6 19. Bc3 Be7 20. Rad1 Rad8 21. Rxd8
Bxd8 22. b4 Ncd7 23. f3 Be7 24. Ng6 Re8 25. Nxe7+ Rxe7 26. Qd3 e5 27. Nf5 Re6
28. Qe3 Nh5 29. Rd1 Nf8 30. Kh1 Nf4 31. Nxg7 Nxg2 32. Kxg2 Kxg7 33. Bf5 Re7 34.
Bd2 Qc6 35. Rg1 Nh7 36. Kf2+ Ng5 37. h4 Qxc4 38. hxg5 Qh4+ 39. Rg3 h5 40. g6 1-0

[Event "TCh-CHN 2017"]
[Site "China CHN"]
[Date "2017.07.27"]
[Round "9.2"]
[Board "1"]
[White "Xu, Xiangyu"]
[Black "Wan, Yunguo"]
[Result "1-0"]
[WhiteTitle "GM"]
[BlackTitle "GM"]
[WhiteElo "2549"]
[BlackElo "2486"]
[WhiteTeam "Chengdu"]
[BlackTeam "Hebei"]
[WhiteFideId "8608288"]
[BlackFideId "8603189"]
[EventDate "2017.04.18"]

1. Nf3 Nf6 2. g3 g6 3. b3 Bg7 4. Bb2 O-O 5. Bg2 d6 6. d4 Nbd7 7. O-O e5 8. dxe5
Ng4 9. c4 Ngxe5 10. Nxe5 Nxe5 11. Nc3 Rb8 12. Qd2 Bd7 13. Rad1 Bc6 14. Nd5 a6
15. Qc1 Re8 16. Qa1 Bxd5 17. Rxd5 Bf8 18. Rfd1 Nd7 19. e3 Qe7 20. h4 h5 21. Bf3
f5 22. e4 fxe4 23. Re1 Bg7 24. Bxe4 Bxb2 25. Qxb2 Qg7 26. Qc2 Ne5 27. Kg2 Nf7
28. Re2 Re6 29. Rd1 c6 30. Rde1 Kf8 31. Bd3 Rxe2 32. Rxe2 g5 33. hxg5 Qxg5 34.
Re4 Re8 35. Rf4 Re6 36. Qc3 Kg8 37. Bh7+ Kxh7 38. Rxf7+ Kg8 39. Rxb7 h4 40. Rb8+
Kf7 41. Qh8 hxg3 42. Qh7+ 1-0

[Event "TCh-CHN 2017"]
[Site "China CHN"]
[Date "2017.07.27"]
[Round "9.2"]
[Board "2"]
[White "Liu, Guanchu"]
[Black "Peng, Xiongjian"]
[Result "0-1"]
[WhiteTitle "IM"]
[WhiteElo "2462"]
[BlackElo "2410"]
[WhiteTeam "Chengdu"]
[BlackTeam "Hebei"]
[WhiteFideId "8603901"]
[BlackFideId "8610550"]
[EventDate "2017.04.18"]

1. e4 e5 2. Nf3 Nc6 3. c3 d5 4. Qa4 f6 5. Bb5 Ne7 6. exd5 Qxd5 7. d4 Bd7 8. O-O
exd4 9. cxd4 O-O-O 10. Nc3 Qh5 11. Be3 Nd5 12. Rac1 a6 13. Nxd5 Qxd5 14. Bc4
Nxd4 15. Nxd4 Bxa4 16. Bxd5 Rxd5 17. Ne6 Bd6 18. Rfe1 Bd7 19. Nf4 Rb5 20. b3 Ba3
21. Rc4 Re8 22. h3 Rb4 23. Rxb4 Bxb4 24. Rc1 Ba3 25. Rc3 Bc6 26. Nh5 Re7 27. Rc4
f5 28. g4 g6 29. Nf6 Bd6 30. g5 Bf3 31. Rh4 Be5 32. Bd4 Bxd4 33. Rxd4 c5 34. Rc4
b6 35. Kh2 Kb7 36. Rh4 b5 37. Kg3 Be4 38. Kf4 Bb1 39. a3 a5 40. Rxh7 Rxh7 41.
Nxh7 Bc2 42. Nf8 Bxb3 43. Ke3 b4 44. axb4 a4 45. Kd2 cxb4 46. Nxg6 a3 47. Kc1
Ba2 48. Nf4 b3 49. Nd3 b2+ 50. Nxb2 axb2+ 51. Kxb2 Bf7 52. Kc3 Kc6 53. Kd4 Kd6
54. f3 Bh5 0-1

[Event "TCh-CHN 2017"]
[Site "China CHN"]
[Date "2017.07.27"]
[Round "9.2"]
[Board "3"]
[White "Moiseenko, Alexander"]
[Black "Zhang, Ziji"]
[Result "1/2-1/2"]
[WhiteTitle "GM"]
[WhiteElo "2667"]
[BlackElo "2355"]
[WhiteTeam "Chengdu"]
[BlackTeam "Hebei"]
[WhiteFideId "14102560"]
[BlackFideId "8609470"]
[EventDate "2017.04.18"]

1. d4 d5 2. c4 c6 3. Nf3 Nf6 4. Qc2 dxc4 5. e4 b5 6. b3 cxb3 7. axb3 e6 8. Bd2
a5 9. Bd3 Be7 10. O-O Bb7 11. Rc1 h6 12. Qd1 b4 13. Qe2 Nbd7 14. Bf4 c5 15. Nbd2
O-O 16. h3 cxd4 17. Bc7 Qc8 18. Be5 Nxe5 19. Rxc8 Nxf3+ 20. Nxf3 Rfxc8 21. Nxd4
Nd7 22. Rd1 Nc5 23. Bc2 Rd8 24. e5 Bd5 25. Qe3 a4 26. bxa4 Nxa4 27. Nb5 Rdc8 28.
Bxa4 Rxa4 29. Nd6 Rc6 30. Qf4 Bxd6 31. exd6 Ra7 32. Qxb4 Rd7 33. Qb8+ Kh7 34.
Qe8 Rcxd6 35. Rd3 Ra7 36. Rg3 Rc6 37. Qb8 Rb7 38. Qf8 f6 39. Kh2 Rc2 40. f3 Rc4
41. Qe8 e5 42. Qg6+ Kh8 43. Qe8+ Kh7 44. Qd8 Bf7 45. Qd3+ Kh8 46. Qd6 Kh7 47.
Qd3+ Kh8 48. Qa3 Kh7 49. Qd3+ 1/2-1/2

[Event "TCh-CHN 2017"]
[Site "China CHN"]
[Date "2017.07.27"]
[Round "9.2"]
[Board "4"]
[White "Zhai, Mo"]
[Black "Ren, Xiaoyi"]
[Result "1-0"]
[WhiteTitle "WGM"]
[WhiteElo "2302"]
[BlackElo "2254"]
[WhiteTeam "Hebei"]
[BlackTeam "Chengdu"]
[WhiteFideId "8600201"]
[BlackFideId "8608709"]
[EventDate "2017.04.18"]

1. d4 d5 2. c4 e6 3. Nf3 Nf6 4. Bg5 Be7 5. e3 O-O 6. Bd3 dxc4 7. Bxc4 c5 8. O-O
Nc6 9. dxc5 Ne4 10. Bf4 Qxd1 11. Rxd1 Nxc5 12. Nc3 a6 13. Nd4 Bd7 14. Nb3 Nxb3
15. axb3 Be8 16. Ne4 e5 17. Bg3 Kh8 18. Nd6 f5 19. f3 Bxd6 20. Rxd6 Bf7 21. Rd7
Bxc4 22. bxc4 Rab8 23. Rad1 a5 24. R1d5 Rfd8 25. Rf7 g6 26. Bh4 Kg8 27. Rc7 Rdc8
28. Rdd7 Rxc7 29. Rxc7 Nd8 30. Be1 a4 31. Bc3 Nf7 32. Kf2 g5 33. Ke2 b6 34. Ra7
Rc8 35. Rxa4 Nd6 36. b3 b5 37. Ra6 Nf7 38. Kd3 bxc4+ 39. bxc4 Rd8+ 40. Kc2 Rc8
41. Kb3 h5 42. Ra5 Rd8 43. c5 Kf8 44. c6 Ke7 45. Bxe5 Rc8 46. Bc3 Rxc6 47. Rxf5
Ra6 48. e4 Rb6+ 49. Kc2 Ra6 50. Ra5 Rc6 51. Kd3 Ke6 52. h4 Rd6+ 53. Kc2 gxh4 54.
Rxh5 Ra6 55. Rxh4 Ra2+ 56. Bb2 Ra5 57. Rg4 Nd6 58. Rg6+ Ke7 59. Kd3 Ra4 60. e5
Nf5 61. Rf6 Nh4 62. g3 Ng2 63. Bc3 Ra3 64. f4 Ne1+ 65. Kc4 Nc2 66. Rc6 Kd7 67.
Rd6+ Ke7 68. Rd3 Ra6 69. f5 Na3+ 70. Kb3 Nb5 71. Bb4+ Ke8 72. e6 Ra1 73. Kc4 Nc7
74. e7 Rf1 75. Rd8+ Kf7 76. Rf8+ Kg7 77. Bc3+ Kh6 78. Rc8 1-0

[Event "TCh-CHN 2017"]
[Site "China CHN"]
[Date "2017.07.27"]
[Round "9.2"]
[Board "5"]
[White "Wang, Doudou"]
[Black "Lagno, Kateryna"]
[Result "0-1"]
[WhiteTitle "WIM"]
[BlackTitle "GM"]
[WhiteElo "2191"]
[BlackElo "2547"]
[WhiteTeam "Hebei"]
[BlackTeam "Chengdu"]
[WhiteFideId "8603197"]
[BlackFideId "14109336"]
[EventDate "2017.04.18"]

1. d4 Nf6 2. c4 g6 3. Nc3 d5 4. cxd5 Nxd5 5. e4 Nxc3 6. bxc3 Bg7 7. Nf3 c5 8.
Be3 Qa5 9. Qd2 O-O 10. Be2 Nc6 11. Rc1 cxd4 12. Nxd4 Rd8 13. Nxc6 bxc6 14. Qc2
Be6 15. O-O Qxa2 16. Qxa2 Bxa2 17. Ra1 Be6 18. Rxa7 Rxa7 19. Bxa7 Rd2 20. Bf3
Bxc3 21. Rc1 Ra2 22. Bc5 Kf8 23. h4 Ra1 24. Rxa1 Bxa1 25. h5 Be5 26. hxg6 fxg6
27. Kf1 h5 28. Ke2 h4 29. Ke3 g5 30. Bd1 Kf7 31. Bh5+ Kf8 32. Kf3 Bf6 33. Be3
Kg7 34. Be8 g4+ 35. Kf4 Kh6 36. Bxc6 Bg5+ 37. Ke5 Bc8 38. Bf4 h3 39. gxh3 gxh3
40. Bh2 Bh4 41. f3 Bf2 42. Kf4 Kh5 43. Be8+ Kh4 44. Bc6 e5+ 45. Kxe5 Bg3+ 46.
Kf6 Bxh2 47. f4 Bxf4 48. e5 Kg3 49. e6 Bd6 0-1

[Event "TCh-CHN 2017"]
[Site "China CHN"]
[Date "2017.07.27"]
[Round "9.3"]
[Board "2"]
[White "Lan, Zilun"]
[Black "Yu, Ruiyuan"]
[Result "1-0"]
[BlackTitle "GM"]
[WhiteElo "2361"]
[BlackElo "2499"]
[WhiteTeam "Zhejiang"]
[BlackTeam "Jiangsu"]
[WhiteFideId "8604193"]
[BlackFideId "8603090"]
[EventDate "2017.04.18"]

1. d4 d5 2. c4 dxc4 3. e3 Nf6 4. Bxc4 e6 5. Nf3 a6 6. O-O c5 7. Qe2 Nc6 8. Nc3
cxd4 9. Rd1 Be7 10. exd4 Nb4 11. Ne5 O-O 12. a3 Nbd5 13. Rd3 Nxc3 14. bxc3 b5
15. Bb3 Bb7 16. Rh3 Be4 17. Bg5 Bg6 18. d5 Nxd5 19. Bxd5 Bxg5 20. Bxa8 Qxa8 21.
Nxg6 hxg6 22. c4 bxc4 23. Qxc4 Rc8 24. Qa4 a5 25. Rd1 Bf6 26. Rb3 Qa7 27. h3 Qc7
28. Rb5 Bd8 29. Qb3 Bf6 30. Qf3 g5 31. g3 Qa7 32. Rb7 Qc5 33. Rdd7 Qc3 34. Rd3
Qe1+ 35. Kg2 Qe5 36. a4 Qa1 37. Rxf7 Qxa4 38. Rxf6 gxf6 39. Qxf6 Qe4+ 40. Rf3 g4
41. hxg4 a4 42. g5 a3 43. g6 Qb7 44. Qxe6+ Kg7 45. Qf6+ Kh6 46. Kh2 Rc6 47. Qf7
Rc7 48. Qf8+ Kg5 49. Rf5+ 1-0

[Event "TCh-CHN 2017"]
[Site "China CHN"]
[Date "2017.07.27"]
[Round "9.3"]
[Board "3"]
[White "Lu, Shanglei"]
[Black "Wei, Yi"]
[Result "1/2-1/2"]
[WhiteTitle "GM"]
[BlackTitle "GM"]
[WhiteElo "2641"]
[BlackElo "2743"]
[WhiteTeam "Zhejiang"]
[BlackTeam "Jiangsu"]
[WhiteFideId "8603332"]
[BlackFideId "8603405"]
[EventDate "2017.04.18"]

1. e4 c5 2. Nf3 d6 3. d4 cxd4 4. Nxd4 Nf6 5. Nc3 a6 6. a3 Nc6 7. Bc4 Bd7 8. f3
e6 9. Be3 Be7 10. Ba2 O-O 11. Qe2 e5 12. Nb3 b5 13. O-O b4 14. Nd5 bxa3 15.
Nxe7+ Nxe7 16. bxa3 d5 17. Nc5 d4 18. Nxd7 Qxd7 19. Bg5 Qc6 20. f4 exf4 21. e5
Nfd5 22. Bxe7 Nxe7 23. Rxf4 Ng6 24. Rxd4 Qc3 25. Rad1 Qxa3 26. Bb3 Rae8 27. Ra4
Qc5+ 28. Qf2 Qc8 29. Rda1 Nxe5 30. h3 Qc3 1/2-1/2

[Event "TCh-CHN 2017"]
[Site "China CHN"]
[Date "2017.07.27"]
[Round "9.3"]
[Board "4"]
[White "Guo, Qi"]
[Black "Ding, Yixin"]
[Result "1/2-1/2"]
[WhiteTitle "IM"]
[BlackTitle "WGM"]
[WhiteElo "2396"]
[BlackElo "2424"]
[WhiteTeam "Jiangsu"]
[BlackTeam "Zhejiang"]
[WhiteFideId "8604002"]
[BlackFideId "8602972"]
[EventDate "2017.04.18"]

1. d4 Nf6 2. c4 e6 3. Nf3 d5 4. Nc3 c5 5. cxd5 Nxd5 6. e4 Nxc3 7. bxc3 cxd4 8.
cxd4 Bb4+ 9. Bd2 Bxd2+ 10. Qxd2 O-O 11. Bc4 Nd7 12. O-O b6 13. d5 Nf6 14. dxe6
Bxe6 15. Bxe6 Qxd2 16. Nxd2 fxe6 17. f3 Rfd8 18. Rfd1 Rac8 19. Nb3 Rxd1+ 20.
Rxd1 e5 21. Rc1 Rxc1+ 22. Nxc1 Kf7 23. Kf2 Ke6 24. Ke3 Kd6 25. Nd3 Nd7 26. g3 g5
27. f4 gxf4+ 28. gxf4 b5 29. h4 a5 1/2-1/2

[Event "TCh-CHN 2017"]
[Site "China CHN"]
[Date "2017.07.27"]
[Round "9.3"]
[Board "5"]
[White "Yuan, Ye"]
[Black "Zhu, Jiner"]
[Result "1-0"]
[WhiteElo "2159"]
[BlackElo "2324"]
[WhiteTeam "Jiangsu"]
[BlackTeam "Zhejiang"]
[WhiteFideId "8608415"]
[BlackFideId "8608059"]
[EventDate "2017.04.18"]

1. d4 Nf6 2. c4 b6 3. Nc3 e6 4. d5 Bb4 5. Bg5 h6 6. Bh4 Bb7 7. dxe6 fxe6 8. e3
O-O 9. Nf3 Qe8 10. Be2 d6 11. Qb3 Nc6 12. a3 Bxc3+ 13. Qxc3 Qg6 14. Bg3 Ne7 15.
O-O-O Ne4 16. Qc2 Qf7 17. Bd3 Nc5 18. Ne1 Nxd3+ 19. Qxd3 e5 20. e4 a5 21. a4 Ba6
22. b3 Rfd8 23. Qe3 Bxc4 24. bxc4 Qxc4+ 25. Nc2 Qxa4 26. f4 exf4 27. Bxf4 Re8
28. Rd4 Qc6 29. Qg3 Kh8 30. Rf1 Qb5 31. Rf3 a4 32. Qh3 Ng8 33. g4 Rf8 34. g5 a3
35. gxh6 g5 36. Rb3 Qe2 37. Qc3 Nf6 38. Bxg5 a2 39. Rd1 Qf2 40. Ra3 Rxa3 41.
Qxa3 Kh7 42. Qxa2 Nxe4 43. Be3 Qf5 44. Qc4 c5 45. Rg1 d5 46. Qe2 Qf7 47. Rg7+ 1-0

[Event "TCh-CHN 2017"]
[Site "China CHN"]
[Date "2017.07.27"]
[Round "9.4"]
[Board "1"]
[White "Dai, Changren"]
[Black "Grischuk, Alexander"]
[Result "0-1"]
[BlackTitle "GM"]
[WhiteElo "2437"]
[BlackElo "2772"]
[WhiteTeam "Tianjin"]
[BlackTeam "Shanghai"]
[WhiteFideId "8608156"]
[BlackFideId "4126025"]
[EventDate "2017.04.18"]

1. e4 c5 2. Nf3 d6 3. d4 cxd4 4. Nxd4 Nf6 5. Nc3 a6 6. h3 e6 7. g4 Nfd7 8. g5 b5
9. a3 Be7 10. Be3 Bb7 11. h4 Nc6 12. Qd2 Rc8 13. Nxc6 Bxc6 14. O-O-O Rb8 15. Kb1
a5 16. Qd4 O-O 17. f3 b4 18. axb4 axb4 19. Na2 d5 20. b3 Bc5 21. Qd2 Qa5 22. Bd4
Ra8 23. Nc1 Bxd4 24. Qxd4 dxe4 25. fxe4 Bxe4 26. Rh2 Nb6 27. Nd3 Rfd8 28. Qb2
Nd5 29. Re1 Nc3+ 30. Kc1 Bxd3 31. Bxd3 Rxd3 0-1

[Event "TCh-CHN 2017"]
[Site "China CHN"]
[Date "2017.07.27"]
[Round "9.4"]
[Board "2"]
[White "Wang, Yue"]
[Black "Ni, Hua"]
[Result "1/2-1/2"]
[WhiteTitle "GM"]
[BlackTitle "GM"]
[WhiteElo "2690"]
[BlackElo "2671"]
[WhiteTeam "Tianjin"]
[BlackTeam "Shanghai"]
[WhiteFideId "8601429"]
[BlackFideId "8601160"]
[EventDate "2017.04.18"]

1. e4 e5 2. Nf3 Nf6 3. Nxe5 d6 4. Nf3 Nxe4 5. Nc3 Nxc3 6. dxc3 Be7 7. Be3 Nc6 8.
Qd2 Be6 9. O-O-O Qd7 10. Kb1 Bf6 11. Ng5 Bxg5 12. Bxg5 f6 13. Be3 O-O-O 14. Be2
Kb8 15. Rhe1 h5 16. f3 Rde8 17. Bf1 Qf7 18. b3 Bf5 19. Kb2 Re5 20. Bf4 Rxe1 21.
Rxe1 Re8 22. Rxe8+ Qxe8 23. Bb5 a6 24. Bxc6 Qxc6 25. c4 Qe8 26. Qe3 Qxe3 27.
Bxe3 c5 28. h4 Kc7 29. Kc3 Kc6 30. Kd2 d5 31. cxd5+ 1/2-1/2

[Event "TCh-CHN 2017"]
[Site "China CHN"]
[Date "2017.07.27"]
[Round "9.4"]
[Board "3"]
[White "Malakhov, Vladimir"]
[Black "Zhou, Jianchao"]
[Result "1-0"]
[WhiteTitle "GM"]
[BlackTitle "GM"]
[WhiteElo "2686"]
[BlackElo "2597"]
[WhiteTeam "Tianjin"]
[BlackTeam "Shanghai"]
[WhiteFideId "4120787"]
[BlackFideId "8603537"]
[EventDate "2017.04.18"]

1. c4 e5 2. Nc3 Nc6 3. g3 f5 4. Bg2 Nf6 5. d3 Bb4 6. Nf3 Bxc3+ 7. bxc3 d6 8. Bg5
Bd7 9. Nd2 h6 10. Bxf6 Qxf6 11. Rb1 Rb8 12. Qa4 O-O 13. O-O e4 14. dxe4 Qxc3 15.
Qd1 Qe5 16. exf5 Bxf5 17. Rb5 Qe7 18. e3 Ne5 19. f4 Nd7 20. e4 Be6 21. Qa1 Nc5
22. Qc3 b6 23. Rbb1 Qf6 24. Rbc1 Qxc3 25. Rxc3 b5 26. cxb5 Rxb5 27. e5 dxe5 28.
Nf3 Bd5 29. Nxe5 Bxg2 30. Kxg2 Rd8 31. Rc2 Rd6 32. a4 Nxa4 33. Rxc7 Nc5 34. Rf2
Nd3 35. Nxd3 Rxd3 36. Re2 Rd6 37. Ree7 Rg6 38. Rxa7 Rb2+ 39. Kh3 Rf2 40. Re8+
Kh7 41. Rf8 h5 42. Rf5 h4 43. g4 Rf3+ 44. Kg2 Rb3 45. Rh5+ Rh6 46. Rxh6+ Kxh6
47. Ra6+ Kh7 48. f5 Rb2+ 49. Kh3 Rf2 50. Rg6 Kh8 51. Rg5 1-0

[Event "TCh-CHN 2017"]
[Site "China CHN"]
[Date "2017.07.27"]
[Round "9.4"]
[Board "5"]
[White "Ni, Shiqun"]
[Black "Xiao, Yiyi"]
[Result "1/2-1/2"]
[WhiteTitle "WGM"]
[BlackTitle "WFM"]
[WhiteElo "2441"]
[BlackElo "2311"]
[WhiteTeam "Shanghai"]
[BlackTeam "Tianjin"]
[WhiteFideId "8608466"]
[BlackFideId "8606161"]
[EventDate "2017.04.18"]

1. e4 c5 2. Nf3 Nc6 3. d4 cxd4 4. Nxd4 g6 5. c4 Nf6 6. Nc3 Nxd4 7. Qxd4 d6 8.
Be3 Bg7 9. f3 O-O 10. Qd2 a5 11. Be2 a4 12. Kf2 Qa5 13. Rac1 Bd7 14. Nd5 Nxd5
15. Qxa5 Rxa5 16. cxd5 Bxb2 17. Rc7 Bc8 18. Rxe7 Ra8 19. Rd1 Bf6 20. Rc7 Bd8 21.
Rc2 f5 22. exf5 Bxf5 23. Rb2 Rf7 24. Rc1 Bf6 25. Rb6 Rd8 26. Rc4 a3 27. Bc1 Rc8
28. Rxc8+ Bxc8 29. Rb4 Rc7 30. Bxa3 Bd7 31. Rc4 Rxc4 32. Bxc4 b5 33. Bd3 Bd4+
34. Kg3 Bc5 35. Bb2 Kf7 36. Kf4 h6 37. g4 Bg1 38. Kg3 b4 39. h4 Be3 40. f4 Bd2
41. Kf3 h5 42. gxh5 gxh5 43. f5 Be1 44. Kf4 Bxh4 45. Be2 Bf6 46. Bxh5+ Kg7 47.
Bc1 Be5+ 48. Ke4 Kf6 49. Bg4 Bb5 50. Bd2 Bc4 51. Bxb4 Bxa2 52. Ba5 Kg5 53. Bf3
Bb1+ 1/2-1/2

[Event "TCh-CHN 2017"]
[Site "China CHN"]
[Date "2017.07.27"]
[Round "9.5"]
[Board "1"]
[White "Fang, Yuxiang"]
[Black "Ma, Qun"]
[Result "1/2-1/2"]
[WhiteTitle "GM"]
[BlackTitle "GM"]
[WhiteElo "2497"]
[BlackElo "2638"]
[WhiteTeam "Qingdao"]
[BlackTeam "Hangzhou"]
[WhiteFideId "8605840"]
[BlackFideId "8603154"]
[EventDate "2017.04.18"]

1. Nf3 Nf6 2. c4 e6 3. g3 d5 4. d4 dxc4 5. Bg2 Bb4+ 6. Bd2 a5 7. O-O c6 8. Bxb4
axb4 9. Ne5 c3 10. bxc3 bxc3 11. Nxc3 O-O 12. a4 Ra7 13. Nc4 h6 14. a5 Na6 15.
e3 Nd5 16. Qb3 Nxc3 17. Qxc3 Nc7 18. Rfb1 Qe7 19. Qa3 Qxa3 20. Rxa3 Rd8 21. Bf1
Kf8 22. Nb6 Bd7 23. Be2 Be8 24. h4 Nb5 25. Raa1 Nc3 26. Rb2 Nxe2+ 27. Rxe2 Ke7
28. Rb2 Rb8 29. Kg2 Kd8 30. g4 Kc7 31. Nc4 Rd8 32. Rb6 Ra6 33. Rab1 Ra7 34. Ra1
f6 35. a6 Rda8 36. axb7 Rxa1 37. bxa8=Q Rxa8 38. Rb4 c5 39. dxc5 Kc6 40. Nd2
Kxc5 41. Rc4+ 1/2-1/2

[Event "TCh-CHN 2017"]
[Site "China CHN"]
[Date "2017.07.27"]
[Round "9.5"]
[Board "2"]
[White "Le, Quang Liem"]
[Black "Gao, Rui"]
[Result "1/2-1/2"]
[WhiteTitle "GM"]
[BlackTitle "GM"]
[WhiteElo "2737"]
[BlackElo "2546"]
[WhiteTeam "Qingdao"]
[BlackTeam "Hangzhou"]
[WhiteFideId "12401137"]
[BlackFideId "8602387"]
[EventDate "2017.04.18"]

1. Nf3 d5 2. d4 Nf6 3. c4 c6 4. Nc3 e6 5. g3 dxc4 6. Bg2 Nbd7 7. a4 Be7 8. O-O
O-O 9. e4 b6 10. Qe2 a5 11. Rd1 Ba6 12. Bf4 Re8 13. Nd2 Bf8 14. Nxc4 Nd5 15. Bd2
Nb4 16. Be1 e5 17. d5 Qf6 18. b3 Nc5 19. Rab1 Rac8 20. Qf3 Qxf3 21. Bxf3 cxd5
22. Nxd5 Bxc4 23. bxc4 Nxa4 24. Bg4 Rcd8 25. Nxb4 axb4 26. Bxb4 Nc5 27. f3 Rxd1+
28. Rxd1 Nb3 29. Bxf8 Kxf8 30. Rb1 Na5 31. c5 bxc5 32. Rb5 Nc4 33. Rxc5 Nd6 34.
Kf2 g6 35. Bh3 Re7 36. Ke3 Kg7 37. Bf1 f6 38. Rc6 Nf7 39. Bc4 Ra7 40. h4 Rd7 41.
Bd5 Ra7 42. Kf2 Nd8 43. Rd6 Nf7 44. Re6 Nd8 45. Re8 Nf7 46. Ke2 Rc7 47. Kd3 Ra7
48. Kc3 Rc7+ 49. Kb4 h5 50. f4 exf4 51. gxf4 Nd6 52. Rg8+ Kh7 53. Rd8 Nb7 54.
Bxb7 Rxb7+ 55. Kc5 Kg7 56. e5 fxe5 57. fxe5 Kf7 58. Rd6 Rb1 59. Rf6+ Ke7 60.
Rxg6 Rh1 61. Kd5 Rd1+ 62. Ke4 Re1+ 63. Kf5 Rf1+ 64. Kg5 Re1 65. Rg7+ Kf8 66. Rh7
Rxe5+ 67. Kf6 Kg8 68. Rg7+ Kf8 69. Rg5 1/2-1/2

[Event "TCh-CHN 2017"]
[Site "China CHN"]
[Date "2017.07.27"]
[Round "9.5"]
[Board "3"]
[White "Wang, Tongsen"]
[Black "Bai, Jinshi"]
[Result "1-0"]
[BlackTitle "GM"]
[WhiteElo "2395"]
[BlackElo "2556"]
[WhiteTeam "Qingdao"]
[BlackTeam "Hangzhou"]
[WhiteFideId "8608067"]
[BlackFideId "8602280"]
[EventDate "2017.04.18"]

1. e4 c5 2. Nf3 Nc6 3. Nc3 a6 4. d4 cxd4 5. Nxd4 e6 6. g3 Qc7 7. Bg2 Nf6 8. O-O
Bc5 9. Nb3 Ba7 10. Qe2 Ne5 11. Kh1 d6 12. f4 Nc4 13. e5 dxe5 14. fxe5 Nd5 15.
Nxd5 exd5 16. Bxd5 Be6 17. Bxe6 fxe6 18. Bg5 Qc6+ 19. Qf3 Qxf3+ 20. Rxf3 h6 21.
Bd2 Nxe5 22. Rf4 Nc6 23. Re1 e5 24. Bc3 O-O-O 25. Rf7 Rd7 26. Rxd7 Kxd7 27. Bxe5
Nxe5 28. Rxe5 Rf8 29. Re2 Rf1+ 30. Kg2 Rb1 31. c3 g5 32. Kf3 h5 33. Ke4 Ke6 34.
Na5 b5 35. Nc6 Bc5 36. Nd8+ Kd7 37. Nf7 g4 38. Kf5 Rh1 39. Kg5 Rf1 40. Ne5+ Kd6
41. Nd3 Rd1 42. Nf4 a5 43. Kxh5 Ra1 44. Kxg4 Rxa2 45. b4 Rxe2 46. bxc5+ Kxc5 47.
Nxe2 a4 48. h4 Kc4 49. h5 a3 50. Nc1 Kxc3 51. h6 Kc2 52. h7 Kxc1 53. h8=Q 1-0

[Event "TCh-CHN 2017"]
[Site "China CHN"]
[Date "2017.07.27"]
[Round "9.5"]
[Board "4"]
[White "Girya, Olga"]
[Black "Sun, Fanghui"]
[Result "1-0"]
[WhiteTitle "WGM"]
[WhiteElo "2484"]
[BlackElo "2126"]
[WhiteTeam "Hangzhou"]
[BlackTeam "Qingdao"]
[WhiteFideId "4195752"]
[BlackFideId "8604150"]
[EventDate "2017.04.18"]

1. d4 d5 2. Nf3 Nf6 3. c4 e6 4. Nc3 Be7 5. Bf4 O-O 6. e3 c5 7. dxc5 Bxc5 8. cxd5
Nxd5 9. Nxd5 exd5 10. a3 Bf5 11. Bd3 Be4 12. Ng5 Qe7 13. Bxe4 dxe4 14. Qd5 Re8
15. Nxf7 Qxf7 16. Qxc5 Nd7 17. Qb5 b6 18. O-O Nc5 19. a4 Nd3 20. Bg3 Rac8 21. b4
Red8 22. a5 Qc4 23. Qxc4+ Rxc4 24. b5 Rd5 25. Rfb1 Rcc5 26. axb6 axb6 27. Ra8+
Kf7 28. Ra7+ Kf8 29. Rb7 Rc1+ 30. Rxc1 Nxc1 31. f3 Ne2+ 32. Kf2 exf3 33. Rxb6
Nxg3 34. hxg3 fxg2 35. Kxg2 Rd3 36. Kf3 Ke7 37. Kf4 Rb3 38. g4 g6 39. g5 Rb4+
40. e4 Rb1 41. Rb7+ Kf8 42. b6 Rf1+ 43. Ke5 Rb1 44. Kf6 Ke8 45. e5 Kd8 46. Rxh7 1-0